From Hegemony to Decline: (Record no. 207458)

MARC details
000 -LEADER
fixed length control field 00763nam a22002057a 4500
005 - DATE AND TIME OF LATEST TRANSACTION
control field 20241206121112.0
010 ## - LCCN (DPL NO)
LC control number ENG-142885
020 ## - INTERNATIONAL STANDARD BOOK NUMBER
International Standard Book Number 9788180643385
Terms of availability 400.00
035 ## - SYSTEM CONTROL NUMBER
System control number EN-126417
037 ## - SOURCE OF ACQUISITION
Source of stock number/acquisition DBAD
082 ## - DEWEY DECIMAL CLASSIFICATION NUMBER
Classification number 329.954
Edition number 1
100 ## - MAIN ENTRY--PERSONAL NAME
Personal name Biswas, Ajanta
245 ## - TITLE STATEMENT
Title From Hegemony to Decline:
Remainder of title The Congress Politics in Undivided Bengal and West Bengal 1937-1967/
Statement of responsibility, etc by Ajanta Biswas [and] Forword By Bhaskar Chakrabarty
250 ## - EDITION STATEMENT
Edition statement 1
260 ## - PUBLICATION, DISTRIBUTION, ETC. (IMPRINT)
Place of publication, distribution, etc Kolkata
Name of publisher, distributor, etc Progressive Publishers
Date of publication, distribution, etc 2020
270 ## - ADDRESS
City Kolkata
Address 37A, College Street
Postal code 700073
Electronic mail address progressivepubl@yahoo.co.in
Telephone number 9830305810
-- 9038296630
300 ## - PHYSICAL DESCRIPTION
Extent 283p.
Other physical details Index
Dimensions 22cm(hb)
700 ## - ADDED ENTRY--PERSONAL NAME
Personal name Chakrabarty, Bhaskar
9 (RLIN) 70194
Relator term Forword
942 ## - ADDED ENTRY ELEMENTS (KOHA)
Source of classification or shelving scheme Dewey Decimal Classification
Item type English Books
Call number suffix BIS
Classification part 329.954
Holdings
Withdrawn status Lost status Not for loan Collection code Home library Current library Date acquired Source of acquisition Cost, normal purchase price Full call number Barcode Copy number Cost, replacement price Koha item type
      Non-fiction Central Library Central Library 06/12/2024 Delivery of Books Act Division 400.00 BIS 329.954 EN-126417 1 400.00 English Books

© Delhi Public Library
Hit Counter
free hit counter